Absolutamente Heather (Registro nro. 17686)

Detalles MARC
000 -LDR (LÍDER)
Campo de control de longitud fija 02232nam a2200337 a 4500
001 - NÚMERO DE CONTROL
control field 991004691769707486
003 - IDENTIFICADOR DEL NÚMERO DE CONTROL
Campo de control CO-PeBPR
005 - FECHA Y HORA DE LA ÚLTIMA TRANSACCIÓN
Campo de control 20260410152330.0
008 - ELEMENTOS DE DATOS DE LONGITUD FIJA--INFORMACIÓN GENERAL
Campo de control de longitud fija 181205s2018 sp gr 00010 spa d
020 ## - Código Internacional normalizado para libros
Código Internacional normalizado para libros 9789584267191 (Bogotá)
020 ## - Código Internacional normalizado para libros
Código Internacional normalizado para libros 9788432233272 (Barcelona)
040 0# - FUENTE DE CATALOGACIÓN
Agencia catalogadora original CO-PeBPR
Idioma de la agencia catalogadora spa
Agencia que transcribe CO-PeBPR
Norma para la descripción rda
041 0# - Código del Idioma
Código idioma del recurso original spa
082 04 - NÚMERO DE CLASIFICACIÓN DECIMAL DEWEY
Número de clasificación 813.5 W423a
100 1# - ASIENTO PRINCIPAL--NOMBRE PERSONAL
Nombre personal Weiner, Matthew
Fechas asociadas al nombre 1965-
Términos de relación autor
245 10 - MENCIÓN DE TÍTULO
Título propiamente dicho Absolutamente Heather
Mención de responsabilidad / Matthew Weiner ; traducido por Albert Fuentes
250 ## - MENCIÓN DE EDICIÓN
Mención de edición Primera edición
260 ## - PUBLICATION, DISTRIBUTION, ETC. (IMPRINT)
Place of publication, distribution, etc Bogotá, Colombia
Name of publisher, distributor, etc : Editorial Planeta
Date of publication, distribution, etc , 2018
300 ## - DESCRIPCIÓN FÍSICA
Extensión 156 páginas ;
Dimensiones 23 centímetros
490 0# - MENCIÓN DE SERIE
Título de la serie Seix Barral. Biblioteca formentor
504 ## - NOTA DE BIBLIOGRAFIA, ETC.
Nota de bibliografía Incluye bibliografía.
520 ## - NOTA DE RESUMEN, ETC.
Nota de sumario Los Breakstone (Mark, un exitoso gestor de fondos, su esposa Karen y su hija adolescente Heather) parecen la familia perfecta, dueños de una vida inmaculada en la ciudad de Nueva York. En el otro extremo está Bobby Klasky, expresidiario e hijo de madre drogadicta, mentiroso con tendencias psicópatas, que no podía ser menos afortunado. Cuando Mark descubre a Bobby mirando a su hija, entenderá cómo de lejos es capaz de llegar para mantener a salvo a su familia. Contada de una forma elegante y llena de matices que evocan directamente la atmósfera de Mad Men, Heather, la obsesión mantiene el ritmo y la tensión narrativa propias de la mejor tradición del cine negro; es mucho más que un thriller doméstico: es una fábula oscura acerca de los retos a los que se enfrenta una familia en la sociedad del siglo xxi. Vinculado desde hace dos décadas al mundo de la televisión, Matthew Weiner (Baltimore, 1965) es mayormente conocido por ser el guionista, creador, productor ejecutivo y director de Mad Men, que ha recibido 116 nominaciones a los Emmy, tres Globos de Oro y dos premios BAFTA, entre otros.
534 ## - NOTA DE VERSION ORIGINAL
Introductory phrase Título original :
Título del documento en el idioma original Heather, the totality.
650 14 - ASIENTO SECUNDARIO DE MATERIA - TÉRMINO TEMÁTICO
Fuente del encabezado o término LEMB
Encabezamiento temático Novela estadounidense
Subdivisión cronológica Siglo XX
650 14 - ASIENTO SECUNDARIO DE MATERIA - TÉRMINO TEMÁTICO
Fuente del encabezado o término LEMB
Encabezamiento temático Familia en la literatura
Subdivisión cronológica Siglo XX
650 #7 - ASIENTO SECUNDARIO DE MATERIA - TÉRMINO TEMÁTICO
Fuente del encabezado o término LEMB
Encabezamiento temático Cine en la literatura
650 14 - ASIENTO SECUNDARIO DE MATERIA - TÉRMINO TEMÁTICO
Fuente del encabezado o término LEMB
Encabezamiento temático Literatura estadounidense
Subdivisión cronológica Siglo XX
700 1# - ASIENTO SECUNDARIO - NOMBRE PERSONAL
Nombre personal Fuentes, Albert
Término de relación, rol en la obra traductor
942 ## - ENTRADA DE ELEMENTOS AGREGADOS (KOHA
Fuente de clasificación o esquema de estantería. Dewey Decimal Classification
Tipo de ítem Libro
949 ## - LOCAL PROCESSING INFORMATION (OCLC)
a n
b n
Existencias
Estado de pérdida Fuente del sistema de clasificación o colocación Estado de daño No disponible para préstamo Colección Biblioteca de origen Biblioteca actual Ubicación en estantería Signatura topográfica completa Ejemplar Código de barras Tipo de ítem Fecha de adquisición Fuente de adquisición Total de pagos Fecha de la última vez visto
  Dewey Decimal Classification     General Biblioteca Pública Departamental Comfamiliar Risaralda Biblioteca Pública Departamental Comfamiliar Risaralda Área General 813.5 W423a Ej.1 RIBPD14831 Literartura 10/04/2026 Dotación MinCultura y BNC   10/04/2026
  Dewey Decimal Classification     General Biblioteca Pública Municipal León de Greiff Biblioteca Pública Municipal León de Greiff Área General N WEI1 Ej.1 RIMSLA14831 Literartura 08/04/2026 Dotación MinCultura y BNC   08/04/2026